000 00836nas a2200265 4500
001 BR2014003834
003 BR-BrBNA
005 20231205124141.0
007 ta
008 230509b bl.|||p| |||| 00| 00por d
040 _aBR-BrBNA
_bpor
_cBiblioteca Nacional de Agricultura
041 _a(Pt)
072 _aF40; P33
100 1 _aConceição, A.A.
100 1 _aGiulietti, A.M.
100 1 _aMeirelles, S.T.
245 1 _aIlhas de vegetação em afloramentos de quartzito-arenito no Morro do Pai Inácio, Chapada Diamantina, Bahia, Brasil
650 _aCAMPO
650 _aVEGETAÇÃO
650 _aECOLOGIA VEGETAL
650 _aSOLO
773 0 _tActa Botanica Brasilica (Brazil)
_xISSN 0102-3306
_g(Apr-Jun 2007), v. 21(2) p. 335-347
_wBR2014003834
909 _a202311
_bLúcia
_c55
_dLúcia Elande
942 _2AGRIS
_n0
_cANA
999 _c237550
_d237550